000
00330nam a2200145Ia 4500
100
_a
Cundiff/E.W/ Govoni/N.A..P
942
_c
BK
654
_a
marketing
245
_a
Fundamentals of modern marketing
260
_b
prentice hall
_a
New Delhi
_c
1985
082
_a
658.8
_b
CUN
300
_a
482
546
_a
ENGLISH
999
_c
33778
_d
33778